Score 0/62 Timer 11:00
4 Plays Today
Team % Correct
Manchester United
96.4%
Manchester City
94.8%
Arsenal
94.8%
Chelsea
93.7%
Liverpool
92.2%
Tottenham Hotspur
87.4%
Everton
87%
Newcastle United
86.1%
Brighton and Hove Albion
85.5%
West Ham United
84.6%
Leicester Tigers
83.7%
Leicester City
82.9%
Aston Villa
81.8%
Bournemouth
81.6%
Burnley
80.7%
Southampton
80.1%
Norwich City
79.7%
Sheffield United
79.6%
Wigan Warriors
79.4%
Leeds Rhinos
77.4%
Crystal Palace
77.3%
Watford
76.9%
Wolverhampton Wanderers
76.4%
Yorkshire Vikings
75.1%
London Irish
74%
Hull FC
72.3%
Sussex Sharks
72.3%
Lancashire Lightning
72.1%
Essex Eagles
71.7%
Northampton Saints
69.7%
Gloucester
69.1%
Team % Correct
Bristol Bears
68.8%
Wasps
68.7%
Harlequins
67.7%
Bath
66.8%
Surrey
66.6%
Worcester Warriors
66.4%
Durham
66.2%
Warrington Wolves
65.5%
Sale Sharks
63.6%
Saracens
63.4%
Hampshire
63.4%
Middlesex
63.1%
Kent Spitfires
62.1%
Glamorgan
62%
St Helens
61.9%
Warwickshire
61%
Nottinghamshire Outlaws
60.3%
Leicestershire Foxes
59.8%
Derbyshire Falcons
58.5%
Somerset
56.8%
Exeter Chiefs
56.3%
Northamptonshire Steelbacks
56.2%
Gloucestershire
55.8%
Worcestershire Rapids
55.5%
Hull KR
49.2%
Castleford Tigers
48.5%
Catalans Dragons
46.4%
Toronto Wolfpack
45.3%
Huddersfield Giants
43.8%
Salford Reds Devils
41.4%
Wakefield Trinity Wildcats
38.8%

You're not logged in!

Compare scores with friends on all Sporcle quizzes.
OR
Log In

Sporcle TV

Today on Sporcle TV


Watch our educational content, quiz creation guides, and fun videos on Sporcle TV.

Show Comments

Extras

Top Quizzes Today


Score Distribution

Paid Content

Your Account Isn't Verified!

In order to create a playlist on Sporcle, you need to verify the email address you used during registration. Go to your Sporcle Settings to finish the process.

Report this User

Report this user for behavior that violates our Community Guidelines.

Details: